<?xml version="1.0" encoding="UTF-8"?>
<record
    xmlns:xsi="http://www.w3.org/2001/XMLSchema-instance"
    xsi:schemaLocation="http://www.loc.gov/MARC21/slim http://www.loc.gov/standards/marcxml/schema/MARC21slim.xsd"
    xmlns="http://www.loc.gov/MARC21/slim">

  <leader>00693nam a22002417a 4500</leader>
  <controlfield tag="003">UA-OsUOA</controlfield>
  <controlfield tag="001"> 21067 </controlfield>
  <controlfield tag="007">ta</controlfield>
  <controlfield tag="008">20031113b un ||||| |||| 00| 0 ukr d</controlfield>
  <datafield tag="090" ind1=" " ind2=" ">
    <subfield code="a">94(477)(03)</subfield>
    <subfield code="b">&#x41C;19</subfield>
  </datafield>
  <datafield tag="942" ind1=" " ind2=" ">
    <subfield code="c">BK</subfield>
  </datafield>
  <datafield tag="040" ind1=" " ind2=" ">
    <subfield code="a">UA-OsUOA</subfield>
    <subfield code="b">ukr</subfield>
    <subfield code="c">UA-OsUOA</subfield>
    <subfield code="d">UA-OsUOA</subfield>
  </datafield>
  <datafield tag="245" ind1=" " ind2=" ">
    <subfield code="a">&#x41C;&#x430;&#x43B;&#x438;&#x439; &#x441;&#x43B;&#x43E;&#x432;&#x43D;&#x438;&#x43A; &#x456;&#x441;&#x442;&#x43E;&#x440;&#x456;&#x457; &#x423;&#x43A;&#x440;&#x430;&#x457;&#x43D;&#x438;</subfield>
    <subfield code="c">&#x412;. &#x421;&#x43C;&#x43E;&#x43B;&#x456;&#x44F;, &#x412; &#x412;&#x435;&#x440;&#x441;&#x442;&#x44E;&#x43A;&#x430;, &#x421;. &#x412;&#x456;&#x434;&#x43D;&#x44F;&#x43D;&#x441;&#x44C;&#x43A;&#x43E;&#x433;&#x43E;</subfield>
  </datafield>
  <datafield tag="300" ind1=" " ind2=" ">
    <subfield code="a">464 &#x441;.</subfield>
  </datafield>
  <datafield tag="955" ind1=" " ind2=" ">
    <subfield code="a">2</subfield>
  </datafield>
  <datafield tag="041" ind1=" " ind2=" ">
    <subfield code="a">ukr</subfield>
  </datafield>
  <datafield tag="080" ind1=" " ind2=" ">
    <subfield code="a">94(477)(03)</subfield>
  </datafield>
  <datafield tag="020" ind1=" " ind2=" ">
    <subfield code="a">5-325-00781-5</subfield>
  </datafield>
  <datafield tag="260" ind1=" " ind2=" ">
    <subfield code="a">&#x41A;&#x438;&#x457;&#x432;</subfield>
    <subfield code="b">&#x41B;&#x438;&#x431;&#x456;&#x434;&#x44C;</subfield>
    <subfield code="c">1997</subfield>
  </datafield>
  <datafield tag="044" ind1=" " ind2=" ">
    <subfield code="a">UA</subfield>
  </datafield>
  <datafield tag="650" ind1=" " ind2="7">
    <subfield code="a">9 &#x413;&#x435;&#x43E;&#x433;&#x440;&#x430;&#x444;&#x456;&#x44F;. &#x411;&#x456;&#x43E;&#x433;&#x440;&#x430;&#x444;&#x456;&#x457;. &#x406;&#x441;&#x442;&#x43E;&#x440;&#x456;&#x44F;</subfield>
    <subfield code="2">UDC</subfield>
  </datafield>
  <datafield tag="999" ind1=" " ind2=" ">
    <subfield code="c">307259</subfield>
    <subfield code="d">307259</subfield>
  </datafield>
  <datafield tag="952" ind1=" " ind2=" ">
    <subfield code="0">0</subfield>
    <subfield code="1">0</subfield>
    <subfield code="2">udc</subfield>
    <subfield code="4">0</subfield>
    <subfield code="7">0</subfield>
    <subfield code="a">101</subfield>
    <subfield code="b">101</subfield>
    <subfield code="d">2003-11-13</subfield>
    <subfield code="g">19.33</subfield>
    <subfield code="i">33909</subfield>
    <subfield code="l">0</subfield>
    <subfield code="o">94(477)(03) &#x41C;19</subfield>
    <subfield code="p">33909</subfield>
    <subfield code="r">2022-01-26 00:00:00</subfield>
    <subfield code="w">2003-11-13</subfield>
    <subfield code="y">BK</subfield>
  </datafield>
  <datafield tag="952" ind1=" " ind2=" ">
    <subfield code="0">0</subfield>
    <subfield code="1">0</subfield>
    <subfield code="2">udc</subfield>
    <subfield code="4">0</subfield>
    <subfield code="7">0</subfield>
    <subfield code="a">101</subfield>
    <subfield code="b">101</subfield>
    <subfield code="d">2007-08-27</subfield>
    <subfield code="i">33910</subfield>
    <subfield code="l">0</subfield>
    <subfield code="o">94(477)(03) &#x41C;19</subfield>
    <subfield code="p">33910</subfield>
    <subfield code="r">2022-01-26 00:00:00</subfield>
    <subfield code="w">2003-11-13</subfield>
    <subfield code="y">BK</subfield>
  </datafield>
  <datafield tag="952" ind1=" " ind2=" ">
    <subfield code="0">0</subfield>
    <subfield code="1">0</subfield>
    <subfield code="2">udc</subfield>
    <subfield code="4">0</subfield>
    <subfield code="7">0</subfield>
    <subfield code="a">101</subfield>
    <subfield code="b">101</subfield>
    <subfield code="d">2003-11-13</subfield>
    <subfield code="g">18.62</subfield>
    <subfield code="i">33911</subfield>
    <subfield code="l">0</subfield>
    <subfield code="o">94(477)(03) &#x41C;19</subfield>
    <subfield code="p">33911</subfield>
    <subfield code="r">2022-01-26 00:00:00</subfield>
    <subfield code="w">2003-11-13</subfield>
    <subfield code="y">BK</subfield>
  </datafield>
  <datafield tag="952" ind1=" " ind2=" ">
    <subfield code="0">0</subfield>
    <subfield code="1">0</subfield>
    <subfield code="2">udc</subfield>
    <subfield code="4">0</subfield>
    <subfield code="7">0</subfield>
    <subfield code="a">101</subfield>
    <subfield code="b">101</subfield>
    <subfield code="d">2007-08-27</subfield>
    <subfield code="i">33912</subfield>
    <subfield code="l">0</subfield>
    <subfield code="o">94(477)(03) &#x41C;19</subfield>
    <subfield code="p">33912</subfield>
    <subfield code="r">2022-01-26 00:00:00</subfield>
    <subfield code="w">2003-11-13</subfield>
    <subfield code="y">BK</subfield>
  </datafield>
  <datafield tag="952" ind1=" " ind2=" ">
    <subfield code="0">0</subfield>
    <subfield code="1">0</subfield>
    <subfield code="2">udc</subfield>
    <subfield code="4">0</subfield>
    <subfield code="7">0</subfield>
    <subfield code="a">101</subfield>
    <subfield code="b">101</subfield>
    <subfield code="d">2007-08-27</subfield>
    <subfield code="i">33913</subfield>
    <subfield code="l">0</subfield>
    <subfield code="o">94(477)(03) &#x41C;19</subfield>
    <subfield code="p">33913</subfield>
    <subfield code="r">2022-01-26 00:00:00</subfield>
    <subfield code="w">2003-11-13</subfield>
    <subfield code="y">BK</subfield>
  </datafield>
  <datafield tag="952" ind1=" " ind2=" ">
    <subfield code="0">0</subfield>
    <subfield code="1">0</subfield>
    <subfield code="2">udc</subfield>
    <subfield code="4">0</subfield>
    <subfield code="7">0</subfield>
    <subfield code="a">101</subfield>
    <subfield code="b">101</subfield>
    <subfield code="d">2007-08-27</subfield>
    <subfield code="i">33914</subfield>
    <subfield code="l">0</subfield>
    <subfield code="o">94(477)(03) &#x41C;19</subfield>
    <subfield code="p">33914</subfield>
    <subfield code="r">2022-01-26 00:00:00</subfield>
    <subfield code="w">2003-11-13</subfield>
    <subfield code="y">BK</subfield>
  </datafield>
  <datafield tag="952" ind1=" " ind2=" ">
    <subfield code="0">0</subfield>
    <subfield code="1">0</subfield>
    <subfield code="2">udc</subfield>
    <subfield code="4">0</subfield>
    <subfield code="7">0</subfield>
    <subfield code="a">101</subfield>
    <subfield code="b">101</subfield>
    <subfield code="d">2007-08-27</subfield>
    <subfield code="i">33915</subfield>
    <subfield code="l">0</subfield>
    <subfield code="o">94(477)(03) &#x41C;19</subfield>
    <subfield code="p">33915</subfield>
    <subfield code="r">2022-01-26 00:00:00</subfield>
    <subfield code="w">2003-11-13</subfield>
    <subfield code="y">BK</subfield>
  </datafield>
  <datafield tag="952" ind1=" " ind2=" ">
    <subfield code="0">0</subfield>
    <subfield code="1">0</subfield>
    <subfield code="2">udc</subfield>
    <subfield code="4">0</subfield>
    <subfield code="7">0</subfield>
    <subfield code="a">101</subfield>
    <subfield code="b">101</subfield>
    <subfield code="d">2003-11-13</subfield>
    <subfield code="i">33916</subfield>
    <subfield code="l">0</subfield>
    <subfield code="o">94(477)(03) &#x41C;19</subfield>
    <subfield code="p">33916</subfield>
    <subfield code="r">2022-01-26 00:00:00</subfield>
    <subfield code="w">2003-11-13</subfield>
    <subfield code="y">BK</subfield>
  </datafield>
  <datafield tag="952" ind1=" " ind2=" ">
    <subfield code="0">0</subfield>
    <subfield code="1">0</subfield>
    <subfield code="2">udc</subfield>
    <subfield code="4">0</subfield>
    <subfield code="7">0</subfield>
    <subfield code="a">101</subfield>
    <subfield code="b">101</subfield>
    <subfield code="d">2012-09-11</subfield>
    <subfield code="i">33917</subfield>
    <subfield code="l">0</subfield>
    <subfield code="o">94(477)(03) &#x41C;19</subfield>
    <subfield code="p">33917</subfield>
    <subfield code="r">2022-01-26 00:00:00</subfield>
    <subfield code="w">2003-11-13</subfield>
    <subfield code="y">BK</subfield>
  </datafield>
  <datafield tag="952" ind1=" " ind2=" ">
    <subfield code="0">0</subfield>
    <subfield code="1">0</subfield>
    <subfield code="2">udc</subfield>
    <subfield code="4">0</subfield>
    <subfield code="7">0</subfield>
    <subfield code="a">101</subfield>
    <subfield code="b">101</subfield>
    <subfield code="d">2007-08-27</subfield>
    <subfield code="i">33919</subfield>
    <subfield code="l">0</subfield>
    <subfield code="o">94(477)(03) &#x41C;19</subfield>
    <subfield code="p">33919</subfield>
    <subfield code="r">2022-01-26 00:00:00</subfield>
    <subfield code="w">2003-11-13</subfield>
    <subfield code="y">BK</subfield>
  </datafield>
  <datafield tag="952" ind1=" " ind2=" ">
    <subfield code="0">0</subfield>
    <subfield code="1">0</subfield>
    <subfield code="2">udc</subfield>
    <subfield code="4">0</subfield>
    <subfield code="7">0</subfield>
    <subfield code="a">101</subfield>
    <subfield code="b">101</subfield>
    <subfield code="d">2007-08-27</subfield>
    <subfield code="i">33920</subfield>
    <subfield code="l">0</subfield>
    <subfield code="o">94(477)(03) &#x41C;19</subfield>
    <subfield code="p">33920</subfield>
    <subfield code="r">2022-01-26 00:00:00</subfield>
    <subfield code="w">2003-11-13</subfield>
    <subfield code="y">BK</subfield>
  </datafield>
  <datafield tag="952" ind1=" " ind2=" ">
    <subfield code="0">0</subfield>
    <subfield code="1">0</subfield>
    <subfield code="2">udc</subfield>
    <subfield code="4">0</subfield>
    <subfield code="7">0</subfield>
    <subfield code="a">101</subfield>
    <subfield code="b">101</subfield>
    <subfield code="d">2007-08-27</subfield>
    <subfield code="i">33921</subfield>
    <subfield code="l">0</subfield>
    <subfield code="o">94(477)(03) &#x41C;19</subfield>
    <subfield code="p">33921</subfield>
    <subfield code="r">2022-01-26 00:00:00</subfield>
    <subfield code="w">2003-11-13</subfield>
    <subfield code="y">BK</subfield>
  </datafield>
  <datafield tag="952" ind1=" " ind2=" ">
    <subfield code="0">0</subfield>
    <subfield code="1">0</subfield>
    <subfield code="2">udc</subfield>
    <subfield code="4">0</subfield>
    <subfield code="7">0</subfield>
    <subfield code="a">101</subfield>
    <subfield code="b">101</subfield>
    <subfield code="d">2012-08-31</subfield>
    <subfield code="i">33922</subfield>
    <subfield code="l">0</subfield>
    <subfield code="o">94(477)(03) &#x41C;19</subfield>
    <subfield code="p">33922</subfield>
    <subfield code="r">2022-01-26 00:00:00</subfield>
    <subfield code="w">2003-11-13</subfield>
    <subfield code="y">BK</subfield>
  </datafield>
  <datafield tag="952" ind1=" " ind2=" ">
    <subfield code="0">0</subfield>
    <subfield code="1">0</subfield>
    <subfield code="2">udc</subfield>
    <subfield code="4">0</subfield>
    <subfield code="7">0</subfield>
    <subfield code="a">101</subfield>
    <subfield code="b">101</subfield>
    <subfield code="d">2007-08-27</subfield>
    <subfield code="i">33923</subfield>
    <subfield code="l">0</subfield>
    <subfield code="o">94(477)(03) &#x41C;19</subfield>
    <subfield code="p">33923</subfield>
    <subfield code="r">2022-01-26 00:00:00</subfield>
    <subfield code="w">2003-11-13</subfield>
    <subfield code="y">BK</subfield>
  </datafield>
  <datafield tag="952" ind1=" " ind2=" ">
    <subfield code="0">0</subfield>
    <subfield code="1">0</subfield>
    <subfield code="2">udc</subfield>
    <subfield code="4">0</subfield>
    <subfield code="7">0</subfield>
    <subfield code="a">101</subfield>
    <subfield code="b">101</subfield>
    <subfield code="d">2003-11-13</subfield>
    <subfield code="g">18.62</subfield>
    <subfield code="i">33925</subfield>
    <subfield code="l">0</subfield>
    <subfield code="o">94(477)(03) &#x41C;19</subfield>
    <subfield code="p">33925</subfield>
    <subfield code="r">2022-01-26 00:00:00</subfield>
    <subfield code="w">2003-11-13</subfield>
    <subfield code="y">BK</subfield>
  </datafield>
  <datafield tag="952" ind1=" " ind2=" ">
    <subfield code="0">0</subfield>
    <subfield code="1">0</subfield>
    <subfield code="2">udc</subfield>
    <subfield code="4">0</subfield>
    <subfield code="7">0</subfield>
    <subfield code="a">101</subfield>
    <subfield code="b">101</subfield>
    <subfield code="d">2003-11-13</subfield>
    <subfield code="i">33927</subfield>
    <subfield code="l">0</subfield>
    <subfield code="o">94(477)(03) &#x41C;19</subfield>
    <subfield code="p">33927</subfield>
    <subfield code="r">2022-01-26 00:00:00</subfield>
    <subfield code="w">2003-11-13</subfield>
    <subfield code="y">BK</subfield>
  </datafield>
  <datafield tag="952" ind1=" " ind2=" ">
    <subfield code="0">0</subfield>
    <subfield code="1">0</subfield>
    <subfield code="2">udc</subfield>
    <subfield code="4">0</subfield>
    <subfield code="7">0</subfield>
    <subfield code="a">101</subfield>
    <subfield code="b">101</subfield>
    <subfield code="d">2007-08-27</subfield>
    <subfield code="i">33929</subfield>
    <subfield code="l">0</subfield>
    <subfield code="o">94(477)(03) &#x41C;19</subfield>
    <subfield code="p">33929</subfield>
    <subfield code="r">2022-01-26 00:00:00</subfield>
    <subfield code="w">2003-11-13</subfield>
    <subfield code="y">BK</subfield>
  </datafield>
  <datafield tag="952" ind1=" " ind2=" ">
    <subfield code="0">0</subfield>
    <subfield code="1">0</subfield>
    <subfield code="2">udc</subfield>
    <subfield code="4">0</subfield>
    <subfield code="7">0</subfield>
    <subfield code="a">101</subfield>
    <subfield code="b">101</subfield>
    <subfield code="d">2007-08-27</subfield>
    <subfield code="i">33930</subfield>
    <subfield code="l">0</subfield>
    <subfield code="o">94(477)(03) &#x41C;19</subfield>
    <subfield code="p">33930</subfield>
    <subfield code="r">2022-01-26 00:00:00</subfield>
    <subfield code="w">2003-11-13</subfield>
    <subfield code="y">BK</subfield>
  </datafield>
  <datafield tag="952" ind1=" " ind2=" ">
    <subfield code="0">0</subfield>
    <subfield code="1">0</subfield>
    <subfield code="2">udc</subfield>
    <subfield code="4">0</subfield>
    <subfield code="7">0</subfield>
    <subfield code="a">101</subfield>
    <subfield code="b">101</subfield>
    <subfield code="d">2007-08-27</subfield>
    <subfield code="i">33931</subfield>
    <subfield code="l">0</subfield>
    <subfield code="o">94(477)(03) &#x41C;19</subfield>
    <subfield code="p">33931</subfield>
    <subfield code="r">2022-01-26 00:00:00</subfield>
    <subfield code="w">2003-11-13</subfield>
    <subfield code="y">BK</subfield>
  </datafield>
  <datafield tag="952" ind1=" " ind2=" ">
    <subfield code="0">0</subfield>
    <subfield code="1">0</subfield>
    <subfield code="2">udc</subfield>
    <subfield code="4">0</subfield>
    <subfield code="7">0</subfield>
    <subfield code="a">101</subfield>
    <subfield code="b">101</subfield>
    <subfield code="d">2007-08-27</subfield>
    <subfield code="i">33932</subfield>
    <subfield code="l">0</subfield>
    <subfield code="o">94(477)(03) &#x41C;19</subfield>
    <subfield code="p">33932</subfield>
    <subfield code="r">2022-01-26 00:00:00</subfield>
    <subfield code="w">2003-11-13</subfield>
    <subfield code="y">BK</subfield>
  </datafield>
  <datafield tag="952" ind1=" " ind2=" ">
    <subfield code="0">0</subfield>
    <subfield code="1">0</subfield>
    <subfield code="2">udc</subfield>
    <subfield code="4">0</subfield>
    <subfield code="7">0</subfield>
    <subfield code="a">101</subfield>
    <subfield code="b">101</subfield>
    <subfield code="d">2003-11-13</subfield>
    <subfield code="g">18.62</subfield>
    <subfield code="i">33933</subfield>
    <subfield code="l">0</subfield>
    <subfield code="o">94(477)(03) &#x41C;19</subfield>
    <subfield code="p">33933</subfield>
    <subfield code="r">2022-01-26 00:00:00</subfield>
    <subfield code="w">2003-11-13</subfield>
    <subfield code="y">BK</subfield>
  </datafield>
  <datafield tag="952" ind1=" " ind2=" ">
    <subfield code="0">0</subfield>
    <subfield code="1">0</subfield>
    <subfield code="2">udc</subfield>
    <subfield code="4">0</subfield>
    <subfield code="7">0</subfield>
    <subfield code="a">101</subfield>
    <subfield code="b">101</subfield>
    <subfield code="d">2007-08-27</subfield>
    <subfield code="i">33934</subfield>
    <subfield code="l">0</subfield>
    <subfield code="o">94(477)(03) &#x41C;19</subfield>
    <subfield code="p">33934</subfield>
    <subfield code="r">2022-01-26 00:00:00</subfield>
    <subfield code="w">2003-11-13</subfield>
    <subfield code="y">BK</subfield>
  </datafield>
  <datafield tag="952" ind1=" " ind2=" ">
    <subfield code="0">0</subfield>
    <subfield code="1">0</subfield>
    <subfield code="2">udc</subfield>
    <subfield code="4">0</subfield>
    <subfield code="7">0</subfield>
    <subfield code="a">101</subfield>
    <subfield code="b">101</subfield>
    <subfield code="d">2003-11-13</subfield>
    <subfield code="g">19.33</subfield>
    <subfield code="i">33935</subfield>
    <subfield code="l">0</subfield>
    <subfield code="o">94(477)(03) &#x41C;19</subfield>
    <subfield code="p">33935</subfield>
    <subfield code="r">2022-01-26 00:00:00</subfield>
    <subfield code="w">2003-11-13</subfield>
    <subfield code="y">BK</subfield>
  </datafield>
  <datafield tag="952" ind1=" " ind2=" ">
    <subfield code="0">0</subfield>
    <subfield code="1">0</subfield>
    <subfield code="2">udc</subfield>
    <subfield code="4">0</subfield>
    <subfield code="7">0</subfield>
    <subfield code="a">101</subfield>
    <subfield code="b">101</subfield>
    <subfield code="d">2003-11-13</subfield>
    <subfield code="g">18.62</subfield>
    <subfield code="i">33936</subfield>
    <subfield code="l">0</subfield>
    <subfield code="o">94(477)(03) &#x41C;19</subfield>
    <subfield code="p">33936</subfield>
    <subfield code="r">2022-01-26 00:00:00</subfield>
    <subfield code="w">2003-11-13</subfield>
    <subfield code="y">BK</subfield>
  </datafield>
  <datafield tag="952" ind1=" " ind2=" ">
    <subfield code="0">0</subfield>
    <subfield code="1">0</subfield>
    <subfield code="2">udc</subfield>
    <subfield code="4">0</subfield>
    <subfield code="7">0</subfield>
    <subfield code="a">101</subfield>
    <subfield code="b">101</subfield>
    <subfield code="d">2003-11-13</subfield>
    <subfield code="g">19.33</subfield>
    <subfield code="i">33938</subfield>
    <subfield code="l">0</subfield>
    <subfield code="o">94(477)(03) &#x41C;19</subfield>
    <subfield code="p">33938</subfield>
    <subfield code="r">2022-01-26 00:00:00</subfield>
    <subfield code="w">2003-11-13</subfield>
    <subfield code="y">BK</subfield>
  </datafield>
  <datafield tag="952" ind1=" " ind2=" ">
    <subfield code="0">0</subfield>
    <subfield code="1">0</subfield>
    <subfield code="2">udc</subfield>
    <subfield code="4">0</subfield>
    <subfield code="7">0</subfield>
    <subfield code="a">101</subfield>
    <subfield code="b">101</subfield>
    <subfield code="d">2007-08-27</subfield>
    <subfield code="i">33939</subfield>
    <subfield code="l">0</subfield>
    <subfield code="o">94(477)(03) &#x41C;19</subfield>
    <subfield code="p">33939</subfield>
    <subfield code="r">2022-01-26 00:00:00</subfield>
    <subfield code="w">2003-11-13</subfield>
    <subfield code="y">BK</subfield>
  </datafield>
  <datafield tag="952" ind1=" " ind2=" ">
    <subfield code="0">0</subfield>
    <subfield code="1">0</subfield>
    <subfield code="2">udc</subfield>
    <subfield code="4">0</subfield>
    <subfield code="7">0</subfield>
    <subfield code="a">101</subfield>
    <subfield code="b">101</subfield>
    <subfield code="d">2007-08-27</subfield>
    <subfield code="i">33941</subfield>
    <subfield code="l">0</subfield>
    <subfield code="o">94(477)(03) &#x41C;19</subfield>
    <subfield code="p">33941</subfield>
    <subfield code="r">2022-01-26 00:00:00</subfield>
    <subfield code="w">2003-11-13</subfield>
    <subfield code="y">BK</subfield>
  </datafield>
  <datafield tag="952" ind1=" " ind2=" ">
    <subfield code="0">0</subfield>
    <subfield code="1">0</subfield>
    <subfield code="2">udc</subfield>
    <subfield code="4">0</subfield>
    <subfield code="7">0</subfield>
    <subfield code="a">101</subfield>
    <subfield code="b">101</subfield>
    <subfield code="d">2003-11-13</subfield>
    <subfield code="g">18.62</subfield>
    <subfield code="i">33943</subfield>
    <subfield code="l">0</subfield>
    <subfield code="o">94(477)(03) &#x41C;19</subfield>
    <subfield code="p">33943</subfield>
    <subfield code="r">2022-01-26 00:00:00</subfield>
    <subfield code="w">2003-11-13</subfield>
    <subfield code="y">BK</subfield>
  </datafield>
  <datafield tag="952" ind1=" " ind2=" ">
    <subfield code="0">0</subfield>
    <subfield code="1">0</subfield>
    <subfield code="2">udc</subfield>
    <subfield code="4">0</subfield>
    <subfield code="7">0</subfield>
    <subfield code="a">101</subfield>
    <subfield code="b">101</subfield>
    <subfield code="d">2007-08-27</subfield>
    <subfield code="i">33945</subfield>
    <subfield code="l">0</subfield>
    <subfield code="o">94(477)(03) &#x41C;19</subfield>
    <subfield code="p">33945</subfield>
    <subfield code="r">2022-01-26 00:00:00</subfield>
    <subfield code="w">2003-11-13</subfield>
    <subfield code="y">BK</subfield>
  </datafield>
  <datafield tag="952" ind1=" " ind2=" ">
    <subfield code="0">0</subfield>
    <subfield code="1">0</subfield>
    <subfield code="2">udc</subfield>
    <subfield code="4">0</subfield>
    <subfield code="7">0</subfield>
    <subfield code="a">101</subfield>
    <subfield code="b">101</subfield>
    <subfield code="d">2003-11-13</subfield>
    <subfield code="g">10.00</subfield>
    <subfield code="i">33946</subfield>
    <subfield code="l">0</subfield>
    <subfield code="o">94(477)(03) &#x41C;19</subfield>
    <subfield code="p">33946</subfield>
    <subfield code="r">2022-01-26 00:00:00</subfield>
    <subfield code="w">2003-11-13</subfield>
    <subfield code="y">BK</subfield>
  </datafield>
  <datafield tag="952" ind1=" " ind2=" ">
    <subfield code="0">0</subfield>
    <subfield code="1">0</subfield>
    <subfield code="2">udc</subfield>
    <subfield code="4">0</subfield>
    <subfield code="7">0</subfield>
    <subfield code="a">101</subfield>
    <subfield code="b">101</subfield>
    <subfield code="d">2007-08-27</subfield>
    <subfield code="i">33947</subfield>
    <subfield code="l">0</subfield>
    <subfield code="o">94(477)(03) &#x41C;19</subfield>
    <subfield code="p">33947</subfield>
    <subfield code="r">2022-01-26 00:00:00</subfield>
    <subfield code="w">2003-11-13</subfield>
    <subfield code="y">BK</subfield>
  </datafield>
  <datafield tag="952" ind1=" " ind2=" ">
    <subfield code="0">0</subfield>
    <subfield code="1">0</subfield>
    <subfield code="2">udc</subfield>
    <subfield code="4">0</subfield>
    <subfield code="7">0</subfield>
    <subfield code="a">101</subfield>
    <subfield code="b">101</subfield>
    <subfield code="d">2003-11-13</subfield>
    <subfield code="g">18.62</subfield>
    <subfield code="i">33949</subfield>
    <subfield code="l">0</subfield>
    <subfield code="o">94(477)(03) &#x41C;19</subfield>
    <subfield code="p">33949</subfield>
    <subfield code="r">2022-01-26 00:00:00</subfield>
    <subfield code="w">2003-11-13</subfield>
    <subfield code="y">BK</subfield>
  </datafield>
  <datafield tag="952" ind1=" " ind2=" ">
    <subfield code="0">0</subfield>
    <subfield code="1">0</subfield>
    <subfield code="2">udc</subfield>
    <subfield code="4">0</subfield>
    <subfield code="7">0</subfield>
    <subfield code="a">101</subfield>
    <subfield code="b">101</subfield>
    <subfield code="d">2007-08-27</subfield>
    <subfield code="i">33951</subfield>
    <subfield code="l">0</subfield>
    <subfield code="o">94(477)(03) &#x41C;19</subfield>
    <subfield code="p">33951</subfield>
    <subfield code="r">2022-01-26 00:00:00</subfield>
    <subfield code="w">2003-11-13</subfield>
    <subfield code="y">BK</subfield>
  </datafield>
  <datafield tag="952" ind1=" " ind2=" ">
    <subfield code="0">0</subfield>
    <subfield code="1">0</subfield>
    <subfield code="2">udc</subfield>
    <subfield code="4">0</subfield>
    <subfield code="7">0</subfield>
    <subfield code="a">101</subfield>
    <subfield code="b">101</subfield>
    <subfield code="d">2007-08-27</subfield>
    <subfield code="i">33952</subfield>
    <subfield code="l">0</subfield>
    <subfield code="n">1</subfield>
    <subfield code="o">94(477)(03) &#x41C;19</subfield>
    <subfield code="p">33952</subfield>
    <subfield code="r">2022-05-09 00:00:00</subfield>
    <subfield code="w">2003-11-13</subfield>
    <subfield code="y">BK</subfield>
  </datafield>
  <datafield tag="952" ind1=" " ind2=" ">
    <subfield code="0">0</subfield>
    <subfield code="1">0</subfield>
    <subfield code="2">udc</subfield>
    <subfield code="4">0</subfield>
    <subfield code="7">0</subfield>
    <subfield code="a">101</subfield>
    <subfield code="b">101</subfield>
    <subfield code="d">2003-11-13</subfield>
    <subfield code="g">18.62</subfield>
    <subfield code="i">33954</subfield>
    <subfield code="l">0</subfield>
    <subfield code="o">94(477)(03) &#x41C;19</subfield>
    <subfield code="p">33954</subfield>
    <subfield code="r">2022-01-26 00:00:00</subfield>
    <subfield code="w">2003-11-13</subfield>
    <subfield code="y">BK</subfield>
  </datafield>
  <datafield tag="952" ind1=" " ind2=" ">
    <subfield code="0">0</subfield>
    <subfield code="1">0</subfield>
    <subfield code="2">udc</subfield>
    <subfield code="4">0</subfield>
    <subfield code="7">0</subfield>
    <subfield code="a">101</subfield>
    <subfield code="b">101</subfield>
    <subfield code="d">2007-08-27</subfield>
    <subfield code="i">33955</subfield>
    <subfield code="l">0</subfield>
    <subfield code="o">94(477)(03) &#x41C;19</subfield>
    <subfield code="p">33955</subfield>
    <subfield code="r">2022-01-26 00:00:00</subfield>
    <subfield code="w">2003-11-13</subfield>
    <subfield code="y">BK</subfield>
  </datafield>
  <datafield tag="952" ind1=" " ind2=" ">
    <subfield code="0">0</subfield>
    <subfield code="1">0</subfield>
    <subfield code="2">udc</subfield>
    <subfield code="4">0</subfield>
    <subfield code="7">0</subfield>
    <subfield code="a">101</subfield>
    <subfield code="b">101</subfield>
    <subfield code="d">2007-08-27</subfield>
    <subfield code="i">33957</subfield>
    <subfield code="l">0</subfield>
    <subfield code="o">94(477)(03) &#x41C;19</subfield>
    <subfield code="p">33957</subfield>
    <subfield code="r">2022-01-26 00:00:00</subfield>
    <subfield code="w">2003-11-13</subfield>
    <subfield code="y">BK</subfield>
  </datafield>
  <datafield tag="952" ind1=" " ind2=" ">
    <subfield code="0">0</subfield>
    <subfield code="1">0</subfield>
    <subfield code="2">udc</subfield>
    <subfield code="4">0</subfield>
    <subfield code="7">0</subfield>
    <subfield code="a">101</subfield>
    <subfield code="b">101</subfield>
    <subfield code="d">2003-11-13</subfield>
    <subfield code="i">33958</subfield>
    <subfield code="l">0</subfield>
    <subfield code="o">94(477)(03) &#x41C;19</subfield>
    <subfield code="p">33958</subfield>
    <subfield code="r">2022-01-26 00:00:00</subfield>
    <subfield code="w">2003-11-13</subfield>
    <subfield code="y">BK</subfield>
  </datafield>
  <datafield tag="952" ind1=" " ind2=" ">
    <subfield code="0">0</subfield>
    <subfield code="1">0</subfield>
    <subfield code="2">udc</subfield>
    <subfield code="4">0</subfield>
    <subfield code="7">0</subfield>
    <subfield code="a">101</subfield>
    <subfield code="b">101</subfield>
    <subfield code="d">2007-08-27</subfield>
    <subfield code="i">33959</subfield>
    <subfield code="l">0</subfield>
    <subfield code="o">94(477)(03) &#x41C;19</subfield>
    <subfield code="p">33959</subfield>
    <subfield code="r">2022-01-26 00:00:00</subfield>
    <subfield code="w">2003-11-13</subfield>
    <subfield code="y">BK</subfield>
  </datafield>
  <datafield tag="952" ind1=" " ind2=" ">
    <subfield code="0">0</subfield>
    <subfield code="1">0</subfield>
    <subfield code="2">udc</subfield>
    <subfield code="4">0</subfield>
    <subfield code="7">0</subfield>
    <subfield code="a">101</subfield>
    <subfield code="b">101</subfield>
    <subfield code="d">2003-11-13</subfield>
    <subfield code="g">18.62</subfield>
    <subfield code="i">33960</subfield>
    <subfield code="l">0</subfield>
    <subfield code="o">94(477)(03) &#x41C;19</subfield>
    <subfield code="p">33960</subfield>
    <subfield code="r">2022-01-26 00:00:00</subfield>
    <subfield code="w">2003-11-13</subfield>
    <subfield code="y">BK</subfield>
  </datafield>
  <datafield tag="952" ind1=" " ind2=" ">
    <subfield code="0">0</subfield>
    <subfield code="1">0</subfield>
    <subfield code="2">udc</subfield>
    <subfield code="4">0</subfield>
    <subfield code="7">0</subfield>
    <subfield code="a">101</subfield>
    <subfield code="b">101</subfield>
    <subfield code="d">2007-08-27</subfield>
    <subfield code="i">33961</subfield>
    <subfield code="l">0</subfield>
    <subfield code="o">94(477)(03) &#x41C;19</subfield>
    <subfield code="p">33961</subfield>
    <subfield code="r">2022-01-26 00:00:00</subfield>
    <subfield code="w">2003-11-13</subfield>
    <subfield code="y">BK</subfield>
  </datafield>
  <datafield tag="952" ind1=" " ind2=" ">
    <subfield code="0">0</subfield>
    <subfield code="1">0</subfield>
    <subfield code="2">udc</subfield>
    <subfield code="4">0</subfield>
    <subfield code="7">0</subfield>
    <subfield code="a">101</subfield>
    <subfield code="b">101</subfield>
    <subfield code="d">2007-08-27</subfield>
    <subfield code="i">33962</subfield>
    <subfield code="l">0</subfield>
    <subfield code="o">94(477)(03) &#x41C;19</subfield>
    <subfield code="p">33962</subfield>
    <subfield code="r">2022-01-26 00:00:00</subfield>
    <subfield code="w">2003-11-13</subfield>
    <subfield code="y">BK</subfield>
  </datafield>
  <datafield tag="952" ind1=" " ind2=" ">
    <subfield code="0">0</subfield>
    <subfield code="1">0</subfield>
    <subfield code="2">udc</subfield>
    <subfield code="4">0</subfield>
    <subfield code="7">0</subfield>
    <subfield code="a">101</subfield>
    <subfield code="b">101</subfield>
    <subfield code="d">2007-08-27</subfield>
    <subfield code="i">33963</subfield>
    <subfield code="l">0</subfield>
    <subfield code="o">94(477)(03) &#x41C;19</subfield>
    <subfield code="p">33963</subfield>
    <subfield code="r">2022-01-26 00:00:00</subfield>
    <subfield code="w">2003-11-13</subfield>
    <subfield code="y">BK</subfield>
  </datafield>
  <datafield tag="952" ind1=" " ind2=" ">
    <subfield code="0">0</subfield>
    <subfield code="1">0</subfield>
    <subfield code="2">udc</subfield>
    <subfield code="4">0</subfield>
    <subfield code="7">0</subfield>
    <subfield code="a">101</subfield>
    <subfield code="b">101</subfield>
    <subfield code="d">2003-11-13</subfield>
    <subfield code="g">18.62</subfield>
    <subfield code="i">33964</subfield>
    <subfield code="l">0</subfield>
    <subfield code="o">94(477)(03) &#x41C;19</subfield>
    <subfield code="p">33964</subfield>
    <subfield code="r">2022-01-26 00:00:00</subfield>
    <subfield code="w">2003-11-13</subfield>
    <subfield code="y">BK</subfield>
  </datafield>
  <datafield tag="952" ind1=" " ind2=" ">
    <subfield code="0">0</subfield>
    <subfield code="1">0</subfield>
    <subfield code="2">udc</subfield>
    <subfield code="4">0</subfield>
    <subfield code="7">0</subfield>
    <subfield code="a">101</subfield>
    <subfield code="b">101</subfield>
    <subfield code="d">2007-08-27</subfield>
    <subfield code="i">33965</subfield>
    <subfield code="l">0</subfield>
    <subfield code="o">94(477)(03) &#x41C;19</subfield>
    <subfield code="p">33965</subfield>
    <subfield code="r">2022-01-26 00:00:00</subfield>
    <subfield code="w">2003-11-13</subfield>
    <subfield code="y">BK</subfield>
  </datafield>
  <datafield tag="952" ind1=" " ind2=" ">
    <subfield code="0">0</subfield>
    <subfield code="1">0</subfield>
    <subfield code="2">udc</subfield>
    <subfield code="4">0</subfield>
    <subfield code="7">0</subfield>
    <subfield code="a">101</subfield>
    <subfield code="b">101</subfield>
    <subfield code="d">2007-08-27</subfield>
    <subfield code="i">33967</subfield>
    <subfield code="l">0</subfield>
    <subfield code="o">94(477)(03) &#x41C;19</subfield>
    <subfield code="p">33967</subfield>
    <subfield code="r">2022-01-26 00:00:00</subfield>
    <subfield code="w">2003-11-13</subfield>
    <subfield code="y">BK</subfield>
  </datafield>
  <datafield tag="952" ind1=" " ind2=" ">
    <subfield code="0">0</subfield>
    <subfield code="1">0</subfield>
    <subfield code="2">udc</subfield>
    <subfield code="4">0</subfield>
    <subfield code="7">0</subfield>
    <subfield code="a">101</subfield>
    <subfield code="b">101</subfield>
    <subfield code="d">2003-11-13</subfield>
    <subfield code="g">10.00</subfield>
    <subfield code="i">33968</subfield>
    <subfield code="l">0</subfield>
    <subfield code="o">94(477)(03) &#x41C;19</subfield>
    <subfield code="p">33968</subfield>
    <subfield code="r">2022-01-26 00:00:00</subfield>
    <subfield code="w">2003-11-13</subfield>
    <subfield code="y">BK</subfield>
  </datafield>
  <datafield tag="952" ind1=" " ind2=" ">
    <subfield code="0">0</subfield>
    <subfield code="1">0</subfield>
    <subfield code="2">udc</subfield>
    <subfield code="4">0</subfield>
    <subfield code="7">0</subfield>
    <subfield code="a">101</subfield>
    <subfield code="b">101</subfield>
    <subfield code="d">2007-08-27</subfield>
    <subfield code="i">33969</subfield>
    <subfield code="l">0</subfield>
    <subfield code="o">94(477)(03) &#x41C;19</subfield>
    <subfield code="p">33969</subfield>
    <subfield code="r">2022-01-21 00:00:00</subfield>
    <subfield code="w">2003-11-13</subfield>
    <subfield code="y">BK</subfield>
  </datafield>
  <datafield tag="952" ind1=" " ind2=" ">
    <subfield code="0">0</subfield>
    <subfield code="1">0</subfield>
    <subfield code="2">udc</subfield>
    <subfield code="4">0</subfield>
    <subfield code="7">0</subfield>
    <subfield code="a">101</subfield>
    <subfield code="b">101</subfield>
    <subfield code="d">2007-08-27</subfield>
    <subfield code="i">33970</subfield>
    <subfield code="l">0</subfield>
    <subfield code="o">94(477)(03) &#x41C;19</subfield>
    <subfield code="p">33970</subfield>
    <subfield code="r">2022-01-26 00:00:00</subfield>
    <subfield code="w">2003-11-13</subfield>
    <subfield code="y">BK</subfield>
  </datafield>
  <datafield tag="952" ind1=" " ind2=" ">
    <subfield code="0">0</subfield>
    <subfield code="1">0</subfield>
    <subfield code="2">udc</subfield>
    <subfield code="4">0</subfield>
    <subfield code="7">0</subfield>
    <subfield code="a">101</subfield>
    <subfield code="b">101</subfield>
    <subfield code="d">2003-11-13</subfield>
    <subfield code="g">6.28</subfield>
    <subfield code="i">33971</subfield>
    <subfield code="l">0</subfield>
    <subfield code="o">94(477)(03) &#x41C;19</subfield>
    <subfield code="p">33971</subfield>
    <subfield code="r">2022-01-26 00:00:00</subfield>
    <subfield code="w">2003-11-13</subfield>
    <subfield code="y">BK</subfield>
  </datafield>
  <datafield tag="952" ind1=" " ind2=" ">
    <subfield code="0">0</subfield>
    <subfield code="1">0</subfield>
    <subfield code="2">udc</subfield>
    <subfield code="4">0</subfield>
    <subfield code="7">0</subfield>
    <subfield code="a">101</subfield>
    <subfield code="b">101</subfield>
    <subfield code="d">2007-08-27</subfield>
    <subfield code="i">33972</subfield>
    <subfield code="l">0</subfield>
    <subfield code="o">94(477)(03) &#x41C;19</subfield>
    <subfield code="p">33972</subfield>
    <subfield code="r">2022-01-26 00:00:00</subfield>
    <subfield code="w">2003-11-13</subfield>
    <subfield code="y">BK</subfield>
  </datafield>
  <datafield tag="952" ind1=" " ind2=" ">
    <subfield code="0">0</subfield>
    <subfield code="1">0</subfield>
    <subfield code="2">udc</subfield>
    <subfield code="4">0</subfield>
    <subfield code="7">0</subfield>
    <subfield code="a">101</subfield>
    <subfield code="b">101</subfield>
    <subfield code="d">2007-08-27</subfield>
    <subfield code="i">33973</subfield>
    <subfield code="l">0</subfield>
    <subfield code="o">94(477)(03) &#x41C;19</subfield>
    <subfield code="p">33973</subfield>
    <subfield code="r">2022-01-26 00:00:00</subfield>
    <subfield code="w">2003-11-13</subfield>
    <subfield code="y">BK</subfield>
  </datafield>
  <datafield tag="952" ind1=" " ind2=" ">
    <subfield code="0">0</subfield>
    <subfield code="1">0</subfield>
    <subfield code="2">udc</subfield>
    <subfield code="4">0</subfield>
    <subfield code="7">0</subfield>
    <subfield code="a">101</subfield>
    <subfield code="b">101</subfield>
    <subfield code="d">2003-11-13</subfield>
    <subfield code="g">19.33</subfield>
    <subfield code="i">33974</subfield>
    <subfield code="l">0</subfield>
    <subfield code="o">94(477)(03) &#x41C;19</subfield>
    <subfield code="p">33974</subfield>
    <subfield code="r">2022-01-26 00:00:00</subfield>
    <subfield code="w">2003-11-13</subfield>
    <subfield code="y">BK</subfield>
  </datafield>
  <datafield tag="952" ind1=" " ind2=" ">
    <subfield code="0">0</subfield>
    <subfield code="1">0</subfield>
    <subfield code="2">udc</subfield>
    <subfield code="4">0</subfield>
    <subfield code="7">0</subfield>
    <subfield code="a">101</subfield>
    <subfield code="b">101</subfield>
    <subfield code="d">2007-08-27</subfield>
    <subfield code="i">33975</subfield>
    <subfield code="l">0</subfield>
    <subfield code="o">94(477)(03) &#x41C;19</subfield>
    <subfield code="p">33975</subfield>
    <subfield code="r">2022-01-26 00:00:00</subfield>
    <subfield code="w">2003-11-13</subfield>
    <subfield code="y">BK</subfield>
  </datafield>
  <datafield tag="952" ind1=" " ind2=" ">
    <subfield code="0">0</subfield>
    <subfield code="1">0</subfield>
    <subfield code="2">udc</subfield>
    <subfield code="4">0</subfield>
    <subfield code="7">0</subfield>
    <subfield code="a">101</subfield>
    <subfield code="b">101</subfield>
    <subfield code="d">2003-11-13</subfield>
    <subfield code="i">33976</subfield>
    <subfield code="l">0</subfield>
    <subfield code="o">94(477)(03) &#x41C;19</subfield>
    <subfield code="p">33976</subfield>
    <subfield code="r">2022-01-26 00:00:00</subfield>
    <subfield code="w">2003-11-13</subfield>
    <subfield code="y">BK</subfield>
  </datafield>
  <datafield tag="952" ind1=" " ind2=" ">
    <subfield code="0">0</subfield>
    <subfield code="1">0</subfield>
    <subfield code="2">udc</subfield>
    <subfield code="4">0</subfield>
    <subfield code="7">0</subfield>
    <subfield code="a">101</subfield>
    <subfield code="b">101</subfield>
    <subfield code="d">2007-08-27</subfield>
    <subfield code="i">33977</subfield>
    <subfield code="l">0</subfield>
    <subfield code="o">94(477)(03) &#x41C;19</subfield>
    <subfield code="p">33977</subfield>
    <subfield code="r">2022-01-26 00:00:00</subfield>
    <subfield code="w">2003-11-13</subfield>
    <subfield code="y">BK</subfield>
  </datafield>
  <datafield tag="952" ind1=" " ind2=" ">
    <subfield code="0">0</subfield>
    <subfield code="1">0</subfield>
    <subfield code="2">udc</subfield>
    <subfield code="4">0</subfield>
    <subfield code="7">0</subfield>
    <subfield code="a">102</subfield>
    <subfield code="b">102</subfield>
    <subfield code="d">2019-07-13</subfield>
    <subfield code="g">6.28</subfield>
    <subfield code="i">74638</subfield>
    <subfield code="l">0</subfield>
    <subfield code="o">94(477)(03) &#x41C;19</subfield>
    <subfield code="p">74638</subfield>
    <subfield code="r">2022-02-07 00:00:00</subfield>
    <subfield code="w">2003-11-13</subfield>
    <subfield code="y">BK</subfield>
  </datafield>
  <datafield tag="952" ind1=" " ind2=" ">
    <subfield code="0">0</subfield>
    <subfield code="1">0</subfield>
    <subfield code="2">udc</subfield>
    <subfield code="4">0</subfield>
    <subfield code="7">0</subfield>
    <subfield code="a">102</subfield>
    <subfield code="b">102</subfield>
    <subfield code="d">2005-01-20</subfield>
    <subfield code="g">2.00</subfield>
    <subfield code="i">74639</subfield>
    <subfield code="l">0</subfield>
    <subfield code="o">94(477)(03) &#x41C;19</subfield>
    <subfield code="p">74639</subfield>
    <subfield code="r">2022-02-07 00:00:00</subfield>
    <subfield code="w">2003-11-13</subfield>
    <subfield code="y">BK</subfield>
  </datafield>
  <datafield tag="952" ind1=" " ind2=" ">
    <subfield code="0">0</subfield>
    <subfield code="1">0</subfield>
    <subfield code="2">udc</subfield>
    <subfield code="4">0</subfield>
    <subfield code="7">0</subfield>
    <subfield code="a">102</subfield>
    <subfield code="b">102</subfield>
    <subfield code="d">2005-01-20</subfield>
    <subfield code="g">6.28</subfield>
    <subfield code="i">74640</subfield>
    <subfield code="l">0</subfield>
    <subfield code="o">94(477)(03) &#x41C;19</subfield>
    <subfield code="p">74640</subfield>
    <subfield code="r">2022-02-07 00:00:00</subfield>
    <subfield code="w">2003-11-13</subfield>
    <subfield code="y">BK</subfield>
  </datafield>
  <datafield tag="952" ind1=" " ind2=" ">
    <subfield code="0">0</subfield>
    <subfield code="1">0</subfield>
    <subfield code="2">udc</subfield>
    <subfield code="4">0</subfield>
    <subfield code="7">0</subfield>
    <subfield code="a">102</subfield>
    <subfield code="b">102</subfield>
    <subfield code="d">2005-01-20</subfield>
    <subfield code="g">6.28</subfield>
    <subfield code="i">74641</subfield>
    <subfield code="l">0</subfield>
    <subfield code="o">94(477)(03) &#x41C;19</subfield>
    <subfield code="p">74641</subfield>
    <subfield code="r">2022-02-07 00:00:00</subfield>
    <subfield code="w">2003-11-13</subfield>
    <subfield code="y">BK</subfield>
  </datafield>
</record>
